00829nam a2200205 a 450000100100000000500170001000800410002704000250006808200220009311000320011524000240014724500510017126000630022230000210028559000260030665000670033265000310039995201760043099900170060600004901020260129125203.0190715s2007 000 spa d aDO-SdBNPbspacBNPHU a344.729302bR426r1 aRepública Dominicana944710a[Reglamentos, etc.]10aReglamento de seguridad y salud en el trabajo. aSanto Domingo :bSecretaría de Estado de Trabajo,c2007. a129 p. ;c21 cm. aInventariado, 2019/BT 4aSeguridad socialxLegislaciónzRepública Dominicana914351 0aLegislación social91149 001050718MOaPDbPDcHDd2019-07-15iLF1l0o344.729302 R426rp49011-10r2020-06-25w2020-06-25y1zPerteneció a la biblioteca personal de Maritza Baez.ZNo se presta c48498d48498